Les bulles - Statistiques

Statistiques générales
  • Ce quiz a été pris 7 fois
  • Le résultat moyen est 29 sur 40
Statistiques - réponses
Hint Réponse % Correct
Combien de bulles ont visité Clo en Allemagne 2
100%
En quelle année Clo Becca sont devenues fan de TH 2007
100%
En quelle année est sorti Kings of Suburbia 2014
100%
Alice a vu TH plus de plus de 40 plus de 50 plus de 60x 40
100%
Qui a donné le nom actuel de la conversation des bulles ? Alice
100%
L'instagram art d'Ophélie artpasouf
100%
Qui est née la dernière entre Clo et Becca Becca
100%
La barre chocolatée que déteste Ophélie Bounty
100%
Bourgade a avoir accueilli les bulles pour la 1ere fois Chateau-Thierry
100%
Qui est la dernière bulle a avoir vu Une vie sur mesure Clo
100%
Est-ce qu'elles étaient sobres ? Non
100%
Est-ce que vous connaissez le numéro de carte bancaire de Becca Non
100%
Point commun géographique entre Clo Becca et Alice Picardie
100%
Bercy était le combientieme concert de Louis pour Alice 12
75%
Anniversaire de Loupiote 14 Octobre
75%
Combien de fois Clo a vu Axel Auriant sur scene 3
75%
Les bulles ont quel age ? 7 ans
75%
Comment s'appelle la sœur d'Ophélie Amélie
75%
Quel quote de HR pop up le plus souvent dans la tete de Clo Because Russia
75%
Il avait les cheveux soyeux, et jeune Alice n'avait d'yeux que pour lui Damien Sargue
75%
La barre chocolatée que doit gouter Ophélie Duplo
75%
Quel concert Becca et Lou ont fait ensemble ? Jonas Brothers
75%
Dans quelle ville habitait Clo avant Strasbourg Leipzig
75%
Lou Alice et Ophélie sont aficionados, Clo et Becca pas du tout : Le tennis
75%
Dans quelle ville ont voyagé Clo Becca pour revoir Axel Lyon
75%
Comment s'appelle l'hotel de Becca Hidden
50%
Autre 2eme prénom d'Ophélie Kami
50%
Dans quelle ville habite Becca La Garenne-Colombes
50%
On révise ses classiques : who's an agly man? Ludo
50%
Spécialité culinaire de Lou Oeufs mousse
50%
Cousine ça passe ? Oui
50%
L'adresse de Ophélie selon Lou Rue des Noisetiers
50%
1er Girl crush d'Ophélie Shakira
50%
Nom du compte Instagram d'Eliott du transmédia d'Ophélie srodul.v
50%
PAS un fils de Lou et Ophélie Taylor Zakhar Perez, Connor Storrie
50%
Le 2eme prénom d'Ophélie Tiphaine
50%
Véritable age d'Alice 25 ans
25%
Mail d'Alice jadis alice_angeles@hotmail.fr
25%
Quel projet les bulles ont aidé a financer The House of Gaunt
25%
Ancien nom de tumblr d'Ophélie tpmbouquins
25%
Aucun quiz correspondant
Distribution des résultats
% des personnes avec chaque résultat
Percentile par nombre de réponses
Votre historique - résultats
Vous n’avez pas pris ce quiz